| 000 | 00519nam a22001691a 4500 | ||
|---|---|---|---|
| 001 | 18676 | ||
| 003 | OSt | ||
| 005 | 20260204212417.0 | ||
| 008 | 180420s2009||||ck ||||||b||||||||||spa|| | ||
| 020 | _a9789587104042 | ||
| 082 | _a333.7 137 D199a | ||
| 245 | _aDaño ambiental/Andrés Mauricio Briceño Chaves, Philipe Brun, Filipo Ernesto Burgos Guzmán...[et al.] | ||
| 264 | _aBogotá:Universidad Externado de Colombia | ||
| 300 | _a274 p. | ||
| 650 | _aMedio ambiente 2.Contaminación ambientalÌ | ||
| 942 |
_2ddc _cBK |
||
| 999 |
_c18676 _d18676 |
||